[Event "IMSA Blitz Men 2019"]
[Site "Hengshui"]
[Date "2019.05.18"]
[Round "7.1"]
[White "Ponomariov, Ruslan"]
[Black "Mamedov, Rauf"]
[Result "1/2-1/2"]
[WhiteElo "2675"]
[BlackElo "2650"]
[Annotator "TA"]
[PlyCount "77"]
[EventDate "2019.05.17"]
[EventType "blitz"]
[EventCountry "CHN"]
[SourceTitle "playchess.com"]
[Source "ChessBase"]
[SourceQuality "1"]

{[%evp 23,77,27,33,31,52,41,34,37,31,31,34,36,35,35,44,36,48,54,68,36,62,85,97,55,106,80,97,88,70,68,101,84,67,65,64,62,70,20,65,59,70,68,61,72,116,0,61,0,64,0,73,0,73,0,87,0]} 1. e4 c5 2. Nf3 Nc6 3. d4 cxd4 4. Nxd4 g6 5. c4 Nf6 6. Nc3 Nxd4 7. Qxd4 d6 8. f3 Bg7 9. Be3 O-O 10. Qd2 a5 11. Be2 a4 12. O-O Be6 13. Rab1 {B36: Sicilian: Maroczy Bind: Gurgenidze System} (13. Nb5 Nd7 14. Rab1 Qa5 15. Qxa5 Rxa5 16. Nc7 Nc5 17. Rfc1 Rc8 18. Bd2 Ra7 19. Nxe6 Nxe6 20. Kf1 Nc5 {½-½ (78) Yu,Y (2751)-Mamedov,R (2709) Huaian 2017}) 13... Nd7 $146 ({Predecessor:} 13... Qa5 14. Rfc1 Rfc8 15. b4 axb3 16. axb3 Nd7 17. b4 {½-½ (56) Vogel,R (2417)-Quinonez Garcia,S (2089) Porto Carras 2015}) 14. b4 axb3 15. axb3 {[%cal Ba2b3,Bb3b4][%mdl 32] White is slightly better.} Qa5 16. b4 Qa3 17. Rfc1 Rfc8 18. Nd5 Bxd5 19. exd5 h5 20. Rc2 b6 21. Bf2 Kh7 22. f4 Kg8 23. h3 Qa4 (23... Bh6 $14) 24. Bd3 Qa3 25. Kh2 Bh6 26. Be3 Bg7 27. Be2 Qa4 28. Bf3 Qa3 29. Bf2 Bh6 30. Qd4 Bg7 31. Qe4 Re8 32. Qe2 Bh6 33. Be3 Bg7 34. Qd2 (34. Bc1 $16 Qa4 35. Be4) 34... Rec8 $14 35. Bf2 Bh6 $1 36. Be3 Bg7 37. Bf2 Bh6 $1 38. Be3 Bg7 39. Bf2 {Accuracy: White = 45%, Black = 68%.} (39. Kh1 $16) 1/2-1/2

[Event "IMSA Blitz Men 2019"]
[Site "Hengshui"]
[Date "2019.05.18"]
[Round "7.1"]
[White "Cheparinov, Ivan"]
[Black "Le, Quang Liem"]
[Result "0-1"]
[WhiteElo "2667"]
[BlackElo "2704"]
[Annotator "RC"]
[PlyCount "54"]
[EventDate "2019.05.17"]
[EventType "blitz"]
[EventCountry "CHN"]
[SourceTitle "playchess.com"]
[Source "ChessBase"]
[SourceQuality "1"]
[TimeControl "180+2"]

1. d4 {[%emt 0:00:00]} f5 {[%emt 0:00:00]} 2. c4 {[%emt 0:00:02]} Nf6 {[%emt 0:00:01]} 3. Nc3 {[%emt 0:00:01]} g6 {[%emt 0:00:01]} 4. h4 {[%emt 0:00:02]} h6 {[%emt 0:00:13]} 5. Nh3 {[%emt 0:00:18]} d6 {[%emt 0:00:04]} 6. Nf4 {[%emt 0:00:05]} Rg8 {[%emt 0:00:01]} 7. d5 {[%emt 0:00:30]} Na6 {[%emt 0:00:02]} 8. g3 {[%emt 0:00:03]} e5 {[%emt 0:00:08]} 9. dxe6 {[%emt 0:00:02]} Nc5 {[%emt 0:00:03]} 10. Bg2 {[%emt 0:00:01]} c6 {[%emt 0:00:01]} 11. b3 {[%emt 0:00:14]} Nxe6 {[%emt 0:00:07]} 12. Nxe6 {[%emt 0:00:05]} Bxe6 {[%emt 0:00:01]} 13. Bb2 {[%emt 0:00:02]} Bg7 {[%emt 0:00:08]} 14. Qd2 {[%emt 0:00:02]} Qe7 {[%emt 0:00:17]} 15. O-O-O {[%emt 0:00:29]} O-O-O {[%emt 0:00:02]} 16. Qc2 {[%emt 0:00:04]} Kb8 {[%emt 0:00:12]} 17. Kb1 {[%emt 0:00:01]} Rd7 {[%emt 0:00:13]} 18. Rhe1 {[%emt 0:00:01]} Qf7 {[%emt 0:00:03]} 19. e4 {[%emt 0:00:12]} Rgd8 {[%emt 0:00:02]} 20. Ka1 {[%emt 0:00:08]} a6 {[%emt 0:00:25]} 21. Nd5 {[%emt 0:00:09]} Nxe4 {[%emt 0:00:07]} 22. Nf4 {[%emt 0:00:07]} Re7 {[%emt 0:00:16]} 23. Nxe6 {[%emt 0:00:34]} Rxe6 {[%emt 0:00:04]} 24. Bxg7 {[%emt 0:00:18]} Qxg7+ 25. Qb2 Qxb2+ {[%emt 0:00:09]} 26. Kxb2 {[%emt 0:00:01]} Rde8 {[%emt 0:00:01]} 27. Re2 {[%emt 0:00:03]} Nc3 {[%emt 0:00:06]} 0-1

[Event "IMSA Blitz Men 2019"]
[Site "Hengshui"]
[Date "2019.05.18"]
[Round "7.2"]
[White "Bu, Xiangzhi"]
[Black "Vidit, Santosh Gujrathi"]
[Result "1/2-1/2"]
[WhiteElo "2729"]
[BlackElo "2707"]
[Annotator "TA"]
[PlyCount "111"]
[EventDate "2019.05.17"]
[EventType "blitz"]
[EventCountry "CHN"]
[SourceTitle "playchess.com"]
[Source "ChessBase"]
[SourceQuality "1"]

{[%evp 14,111,19,8,18,16,15,17,17,20,21,13,13,27,22,0,2,0,0,0,2,0,2,0,0,0,0,0,0,0,0,0,0,0,0,0,0,0,10,10,10,10,10,10,10,5,12,0,8,0,67,67,73,0,0,0,0,0,27,27,27,27,27,27,178,178,131,64,64,52,64,52,52,52,52,8,49,0,0,0,0,0,0,0,0,0,0,0,0,0,0,0,0,0,0,0,0,0,0,0]} 1. Nf3 d5 2. d4 Nf6 3. c4 e6 4. Nc3 Bb4 5. Bg5 h6 6. Bxf6 Qxf6 7. Qa4+ Nc6 8. e3 O-O {D38: Queen's Gambit Declined: Ragozin Defence (4 Nf3 Bb4)} 9. Be2 Bd7 {[#] And now ...Nxd4 would win.} 10. Qb3 dxc4 11. Qxc4 Qe7 12. a3 Bd6 $1 13. O-O $146 ({Predecessor:} 13. Nd2 Nb8 14. Bf3 Bc6 15. Bxc6 Nxc6 16. O-O {½-½ (101) Eljanov,P (2723)-Wojtaszek,R (2733) Biel 2015}) 13... e5 14. d5 Na5 15. Qa2 e4 16. Nd4 c5 17. dxc6 Nxc6 18. Nxc6 Bxc6 19. g3 Be5 20. Rac1 Rad8 21. Rfd1 g6 22. Qb3 Kg7 23. Bc4 Qf6 24. Bd5 Bxc3 25. bxc3 Rfe8 26. c4 h5 27. h4 Qe5 28. Rd4 Bxd5 29. cxd5 Rd7 30. Qa4 Red8 31. Rxe4 Qxd5 (31... Qb2 $1 $11 32. Rc2 Qb1+ 33. Kg2 Rxd5) 32. Rd4 $14 Qf5 33. Qxa7 (33. Rxd7 $16 Rxd7 34. Qxa7) 33... Rxd4 $11 34. exd4 $16 {[%mdl 4096] Endgame KQR-KQR} Qd5 35. Rb1 Rd7 36. Qc5 $36 {[%mdl 2048] Black is under pressure.} Qxd4 37. Qxd4+ Rxd4 38. Rxb7 $11 {KR-KR} Rd1+ $2 (38... Ra4 $11) 39. Kg2 $18 Ra1 40. Rb3 (40. Ra7 $16) 40... Ra2 $14 41. Kf3 f6 42. Rb7+ Kh6 43. Ra7 g5 44. a4 {[%cal Ba3a4,Ba4a5][%mdl 32]} Kg6 45. a5 Ra3+ {The position is equal.} 46. Ke4 gxh4 47. gxh4 Ra4+ 48. Kd5 Rxh4 49. a6 Ra4 50. Ra8 h4 51. Kc5 Ra2 52. f3 h3 53. Kb6 Rb2+ (53... h2 $5 54. Rh8 $8 Kf5 $11) 54. Kc6 {[#] a7 is the strong threat.} Rc2+ (54... h2 $5 55. Rh8 $8 Ra2 $11) 55. Kb6 Rb2+ (55... h2 $5 56. Rh8 $8 Rb2+ 57. Kc5 Kf5 $11) 56. Kc6 {Accuracy: White = 63%, Black = 82%.} 1/2-1/2

[Event "IMSA Blitz Men 2019"]
[Site "Hengshui"]
[Date "2019.05.18"]
[Round "7.2"]
[White "Andreikin, Dmitry"]
[Black "Korobov, Anton"]
[Result "1/2-1/2"]
[WhiteElo "2722"]
[BlackElo "2687"]
[Annotator "TA"]
[PlyCount "83"]
[EventDate "2019.05.17"]
[EventType "blitz"]
[EventCountry "CHN"]
[SourceTitle "playchess.com"]
[Source "ChessBase"]
[SourceQuality "1"]

{[%evp 20,83,31,28,25,26,28,26,26,26,26,26,34,39,31,27,25,25,25,25,25,25,25,25,55,61,100,56,149,48,52,48,91,93,89,53,102,91,109,0,0,0,0,0,71,64,71,71,82,64,100,100,100,100,100,100,100,100,100,0,100,0,100,0,100,0]} 1. e4 e6 2. d4 d5 3. Nc3 Nf6 4. e5 Nfd7 5. f4 c5 6. Nf3 Nc6 7. Be3 Qb6 8. Na4 Qa5+ 9. c3 c4 10. b4 Qc7 11. Be2 b5 {C11: French: Classical System: 4 e5 and 4 Bg5 dxe4} 12. Nc5 Nxc5 13. dxc5 a5 {White has an edge.} 14. a3 Be7 15. O-O O-O 16. Nd4 Nxd4 17. Bxd4 Bd7 {[#]} 18. g4 $146 ({Predecessor:} 18. Qd2 axb4 19. axb4 Rxa1 20. Rxa1 {½-½ (33) Anand,V (2725)-Dreev,A (2570) Biel 1993}) 18... f5 19. gxf5 Rxf5 20. Bg4 Rf7 21. Qf3 Raf8 22. Qg3 a4 23. Rf2 Rf5 (23... g6 $14) 24. Raf1 (24. Rg2 $16 g6 25. Bxf5 Rxf5 26. Rf1) 24... Be8 $1 $14 25. Rg2 Bg6 26. h4 {[#] Strongly threatening h5.} Bd8 27. Qh3 h6 28. Be3 Qd7 29. Rf3 ({White should try} 29. h5 $16 Bh7 30. Rd1 (30. Bxf5 Bxf5 31. Qg3 Be4 $16)) 29... h5 $1 $11 {[%cal Rh5g4]} 30. Bxf5 Bxf5 31. Qg3 g6 (31... Be4 $11) 32. Rh2 Kh7 33. Rff2 Rg8 34. Bd4 Qc6 35. Kf1 Rg7 36. Ke1 Be7 37. Kd2 Bd8 38. Ke3 Be7 39. Kd2 Bd8 $1 40. Ke3 Be7 $1 41. Kd2 Bd8 $1 42. Ke3 {Accuracy: White = 58%, Black = 53%.} ({Better is} 42. Rf1 $16) 1/2-1/2

[Event "IMSA Blitz Men 2019"]
[Site "Hengshui"]
[Date "2019.05.18"]
[Round "7.2"]
[White "Le, Quang Liem"]
[Black "Cheparinov, Ivan"]
[Result "1/2-1/2"]
[WhiteElo "2704"]
[BlackElo "2667"]
[Annotator "TA"]
[PlyCount "107"]
[EventDate "2019.05.17"]
[EventType "blitz"]
[EventCountry "CHN"]
[SourceTitle "playchess.com"]
[Source "ChessBase"]
[SourceQuality "1"]

{[%evp 12,107,29,6,12,10,16,2,8,2,6,2,2,2,6,8,10,2,0,6,0,0,3,-4,0,-8,-10,-21,-2,-22,0,-17,0,0,0,0,0,0,0,-11,0,0,0,0,0,0,0,0,0,0,0,0,0,0,0,0,0,0,0,0,0,-20,-20,-20,0,0,0,0,0,0,0,0,0,0,0,0,0,0,0,0,0,0,0,0,0,0,0,0,0,0,0,0,0,0,0,0,0,0]} 1. e4 e5 2. Nf3 Nc6 3. Bb5 Nf6 4. d3 Bc5 5. O-O $146 ({Predecessor:} 5. c3 O-O 6. O-O {½-½ (26) Dominguez Perez,L (2746)-Bruzon Batista,L (2677) Havana 2015}) 5... d6 6. c3 O-O 7. h3 Ne7 {The position is equal. C65: Ruy Lopez: Berlin Defence (3...Nf6), unusual lines and 4 0-0 Bc5} 8. d4 Bb6 9. Re1 d5 10. Nxe5 {next Nd2 is good for White.} Nxe4 11. Nd2 Nd6 12. Bd3 f6 13. Nef3 Bf5 14. Nf1 Bxd3 15. Qxd3 Qd7 16. Bf4 Rae8 17. Ng3 Nef5 18. Bxd6 Nxd6 19. b3 Qf7 20. a4 {[#] Hoping for a5.} a5 21. Nd2 c6 22. c4 {Strongly threatening c5.} Bc7 23. c5 Nc8 24. Nf5 Ne7 25. Nf3 Nxf5 26. Qxf5 g6 27. Qc2 Rxe1+ 28. Rxe1 Re8 29. Re2 Re6 30. Kf1 Qe7 31. Rxe6 Qxe6 32. Qe2 Kf7 (32... Qe4 {is interesting.} 33. Nd2 Qxe2+ 34. Kxe2 Kf7 35. Nf3 g5) 33. Qxe6+ Kxe6 $11 {[%mdl 4096] Endgame KB-KN} 34. Ke2 h5 35. Kd3 g5 36. g4 hxg4 37. hxg4 Bf4 38. Ne1 f5 39. f3 $1 Bc7 40. Kc3 f4 41. Nd3 Kd7 42. b4 axb4+ 43. Kxb4 Ke6 44. Nc1 Kd7 45. Nb3 Kc8 46. a5 Kd7 47. Na1 Bd8 48. Nc2 Kc8 49. Ka4 Kd7 50. Nb4 Bf6 51. Nc2 Bd8 52. Nb4 Bf6 53. Nc2 Bd8 54. Nb4 {Accuracy: White = 70%, Black = 77%.} 1/2-1/2

[Event "IMSA Blitz Men 2019"]
[Site "Hengshui"]
[Date "2019.05.18"]
[Round "7.2"]
[White "Jones, Gawain C B"]
[Black "Yu, Yangyi"]
[Result "1-0"]
[WhiteElo "2702"]
[BlackElo "2739"]
[Annotator "TA"]
[PlyCount "139"]
[EventDate "2019.05.17"]
[EventType "blitz"]
[EventCountry "CHN"]
[SourceTitle "playchess.com"]
[Source "ChessBase"]
[SourceQuality "1"]

{[%evp 11,139,0,10,8,14,0,0,0,0,0,0,0,0,-12,0,-7,19,24,29,18,35,22,18,-1,-8,-13,-13,-12,-5,-10,0,0,0,0,0,-7,0,-37,0,-64,40,46,86,25,16,14,16,27,72,8,10,0,0,0,0,0,0,0,0,0,0,-67,-67,-67,-67,-67,-47,-68,-68,-68,-67,-67,-48,-67,-60,-68,-70,-126,-120,-173,-55,-55,-23,-55,0,-62,-62,-62,0,0,0,0,0,0,0,0,0,0,0,0,8,0,0,0,0,0,664,664,932,902,29965,29967,29962,0,0,0,29960,5600,29975,29976,29974,29964,29947,5708,29980,29981,29984,29983,29989,29990]} 1. e4 e5 2. d4 ({Predecessor:} 2. Nf3 Nc6 3. d4 {½-½ (55) Lukez,F (2549)-Brookes,J (2586) ICCF corr 1999}) 2... exd4 3. Nf3 Nc6 4. Bc4 Nf6 5. e5 Ne4 6. Qe2 Nc5 $1 ({Don't blunder} 6... Bb4+ $2 7. Kd1 $16) 7. O-O $146 {C56: Two Knights: 4 d4 exd4 5 0-0 Nxe4} (7. c3 d3 8. Qe3 Be7 9. b4 Ne6 10. O-O d5 11. exd6 cxd6 12. Qxd3 O-O 13. Nbd2 a5 14. Rb1 axb4 15. cxb4 Nxb4 16. Rxb4 {0-1 (41) Vitiugov,N (2719)-Wang,H (2730) St Petersburg 2018}) 7... Ne6 8. Bxe6 dxe6 9. Rd1 {The position is equal.} Be7 {[#]} 10. Be3 $1 {[%cal Rf3d4][%mdl 512]} Bd7 (10... dxe3 11. Rxd8+) 11. Bxd4 Nxd4 12. Nxd4 O-O 13. Nc3 c5 14. Ndb5 a6 15. Nd6 Qb6 16. Nc4 Qc7 17. Rxd7 {[%mdl 64] Decoy} Qxd7 18. Nb6 {[%mdl 64] Double Attack} Qc7 19. Nxa8 Rxa8 20. Rd1 h6 21. Qe4 Rc8 22. a4 {[%cal Ba2a4,Ba4a5][%mdl 32]} c4 23. h4 Bc5 24. g3 Qb6 25. Qf3 (25. Qf4 $11) 25... Bd4 (25... Qxb2 $15 26. Ne4 b6) 26. a5 $14 Qc5 27. Ne4 (27. Qxb7 $16 Bxe5 28. Qxa6) 27... Qxe5 $11 28. c3 Bc5 $1 29. Rd7 Qf5 30. Qxf5 (30. Kg2 $1 $16) 30... exf5 31. Nxc5 Rxc5 32. Rxb7 Rxa5 $16 {[%mdl 4096] Endgame KR-KR} 33. Rb6 g6 34. Kg2 Kg7 35. Rc6 Ra2 36. Rxc4 ({White should try} 36. Rb6 $11) 36... Rxb2 $15 37. Ra4 Rb6 38. Ra5 Rc6 39. c4 Kf6 40. Kf3 Re6 41. Rd5 Ke7 42. Ra5 Kd7 43. h5 Kc7 44. Rc5+ ({White should play} 44. c5 $15) 44... Rc6 $17 45. Re5 {[#]} (45. Ra5 $17 {might work better.}) 45... Kd7 ({Don't take} 45... Rxc4 46. Re7+ Kb6 47. Rxf7 $15) ({Better is} 45... Kb6 $1 $19 46. Re7 Rc7) 46. Rd5+ $15 Rd6 47. Ra5 Rc6 48. Rd5+ Ke6 49. Ra5 g5 ({Much worse is} 49... Rxc4 $6 50. Rxa6+ Ke5 51. hxg6 $14) (49... Ke7 $15) 50. Ke3 $11 f6 51. Kd4 Rd6+ 52. Kc5 f4 53. gxf4 gxf4 54. Ra2 Rd3 55. Rxa6+ Kf5 56. Ra2 Ke4 57. Kb6 {And now Rb2 would win.} Rb3+ $1 58. Kc6 {Black must now prevent c5.} Rc3 $2 {[%mdl 8192]} (58... Rh3 $11) 59. c5 $18 Ke5 60. Kb6 f3 61. c6 Rb3+ 62. Kc5 $2 (62. Kc7 {mates} f5 63. Kd7 Rd3+ 64. Kc8 Rc3 65. c7 Kf4 66. Ra6 Ke5 67. Rxh6) 62... Rc3+ $11 63. Kb6 $2 {[%mdl 8192]} (63. Kb5 $11 Kd6 64. Rd2+ Kc7 65. Rd7+ Kc8 66. Rh7) 63... Rb3+ 64. Kc7 Rc3 65. Kd7 Rd3+ 66. Ke7 Rc3 {[#]} 67. Ra5+ $1 Kf4 68. Kd6 {White mates.} Kg4 69. c7 Rd3+ 70. Rd5 {Accuracy: White = 63%, Black = 40%.} 1-0

[Event "IMSA Blitz Men 2019"]
[Site "Hengshui"]
[Date "2019.05.18"]
[Round "7.2"]
[White "Fedoseev, Vladimir"]
[Black "Rapport, Richard"]
[Result "1/2-1/2"]
[WhiteElo "2683"]
[BlackElo "2736"]
[Annotator "TA"]
[PlyCount "90"]
[EventDate "2019.05.17"]
[EventType "blitz"]
[EventCountry "CHN"]
[SourceTitle "playchess.com"]
[Source "ChessBase"]
[SourceQuality "1"]

{[%evp 17,90,40,45,40,38,29,33,19,19,6,13,0,1,0,0,-16,4,-57,-25,-80,144,134,138,85,75,69,100,105,95,93,95,103,97,87,90,77,84,81,68,68,96,67,67,65,60,39,39,39,41,-361,-351,-453,-300,-458,-400,-557,-388,-798,-798,-805,-805,-805,-798,-798,-798,-798,-791,-791,-791,-783,-783,-783,-772,-746,-652]} 1. e4 d6 2. d4 Nf6 3. Nc3 e5 4. Nf3 Nbd7 5. Bc4 Be7 6. a4 O-O 7. O-O c6 8. h3 h6 9. Re1 Re8 10. Be3 {C41: Philidor Defence} exd4 11. Bxd4 Nf8 12. Qd2 $146 {White is slightly better.} ({Predecessor:} 12. a5 Be6 13. Nd2 d5 14. exd5 Nxd5 15. Nxd5 Bxd5 16. Qg4 Ng6 17. Bd3 Bf8 {1-0 (39) Volokitin,A (2635)-Kadric,D (2547) Skopje 2019}) 12... Be6 13. Bf1 Ng6 14. Be3 Bf8 15. a5 d5 16. a6 b6 17. e5 (17. Nd4 $11) 17... Nd7 18. Nd4 (18. Bf4 $1 $11 {remains equal.}) 18... c5 $2 (18... Ndxe5 $17 {keeps the pressure on.} 19. f4 Qf6) 19. Nxe6 $16 fxe6 20. Nxd5 (20. f4 $142) 20... exd5 21. Qxd5+ Kh8 22. f4 Ndxe5 23. Qxd8 Raxd8 24. fxe5 Rxe5 25. Bd3 Re6 26. Bxh6 Rxe1+ 27. Rxe1 {[#] And now Bg5 would win.} gxh6 28. Bxg6 {[%mdl 4096] Endgame KRB-KRB} b5 29. b3 c4 30. bxc4 bxc4 31. Bf7 Rd2 32. Bxc4 Rxc2 33. Kh1 $2 {[%mdl 8192]} (33. Be2 $14 {stays ahead.}) 33... Rxc4 $19 {KRB-KR} 34. Re6 Rd4 35. Re8 (35. Kg1 $142) 35... Kg7 36. Rc8 Bd6 {[%cal Rd4d1] [#]} 37. g4 $2 (37. Kg1) 37... Rd3 {Black is clearly winning.} 38. Kg2 Rg3+ 39. Kf2 Rxh3 40. Ke2 Ra3 41. Rc6 Bf4 42. Re6 Bg5 43. Rc6 Be3 44. Kf3 Bb6+ 45. Ke4 Rxa6 {[%mdl 32768] Accuracy: White = 28%, Black = 70%. . An unexpected result.} 1/2-1/2

[Event "IMSA Blitz Men 2019"]
[Site "Hengshui"]
[Date "2019.05.18"]
[Round "7.2"]
[White "Gelfand, Boris"]
[Black "Dominguez Perez, Leinier"]
[Result "1/2-1/2"]
[WhiteElo "2676"]
[BlackElo "2750"]
[Annotator "TA"]
[PlyCount "136"]
[EventDate "2019.05.17"]
[EventType "blitz"]
[EventCountry "CHN"]
[SourceTitle "playchess.com"]
[Source "ChessBase"]
[SourceQuality "1"]

{[%evp 12,136,-5,-14,14,11,41,36,56,31,27,17,70,73,72,10,24,-6,-6,-4,-4,-6,-7,-27,-19,-22,-7,-9,-7,-3,0,0,0,0,7,0,0,0,8,0,29,12,13,12,18,0,0,0,0,0,0,-6,-6,0,0,0,0,-49,-50,-92,-26,-85,-79,-79,-83,-103,-17,-14,-21,-24,0,0,0,0,-1,-8,-8,-12,-8,-8,0,-8,-8,-8,0,0,0,-8,-8,-8,0,0,0,0,0,0,916,904,903,848,884,793,5545,5520,5516,37,37,8,8,8,8,8,8,8,8,8,8,8,8,8,8,8,8,8,8,8,8]} 1. d4 Nf6 2. c4 e6 3. Nf3 d5 4. g3 Be7 5. Bg2 O-O 6. Qc2 c5 7. dxc5 Nc6 {E06: Closed Catalan: Early deviations} (7... Qa5+ 8. Nc3 dxc4 9. O-O Nc6 10. Bg5 Qxc5 11. Bxf6 gxf6 12. Rfd1 f5 13. e4 Bf6 14. Rab1 Nb4 15. Qe2 Nd3 16. Ne1 Nxe1 17. Rxe1 {½-½ (40) Matlakov,M (2683)-Bacrot,E (2678) Bastia 2018}) 8. cxd5 exd5 9. O-O Ne4 {White is slightly better.} 10. Nc3 Bf5 {[#] ...Nxg3! is the strong threat.} 11. Qb3 d4 $146 (11... Bxc5 $11 12. Qxb7 Nxc3 13. bxc3 Rc8) ({Predecessor:} 11... Be6 12. Qxb7 Nxc5 13. Qxc6 Rc8 14. Nd4 Rxc6 15. Nxc6 Qd7 16. Nxe7+ Qxe7 {½-½ (34) Lajthajm,B (2407)-Todorovic,G (2436) Valjevo 2018}) 12. Nxe4 $14 ({Reject} 12. Qxb7 $6 dxc3 13. Qxc6 Bf6 $11) 12... Bxe4 13. Rd1 (13. Bf4 $16) 13... Bxc5 $11 14. Bg5 Qb6 15. Qxb6 Bxb6 16. Rac1 Rfe8 17. a3 h6 18. Bd2 Bd5 19. Kf1 Bb3 20. Re1 Rad8 21. h4 Rd7 22. Bf4 Bd5 23. Nd2 Bxg2+ 24. Kxg2 Rd5 {Strongly threatening ...g5.} 25. Nc4 g5 26. hxg5 hxg5 27. Bd2 f6 28. e4 dxe3 29. Bxe3 Bxe3 30. Nxe3 Rd2 31. Nc4 (31. b4 {is more complex.} Kf7 32. b5 Ne5 33. Rc7+ Kg6 34. Ng4) 31... Rxe1 32. Rxe1 {[%mdl 4096] Endgame KRN-KRN} Rc2 33. b3 Rc3 34. Nd2 Kf7 35. b4 a6 ({Black should try} 35... Rxa3 $17 36. Nc4 Rd3) 36. Ne4 (36. Re3 $11 {keeps the balance.} Rxe3 37. fxe3) 36... Rxa3 $17 37. Nd6+ Kg6 38. Re8 Ra2 (38... b5 $17 {And now ...Rd3 would win.} 39. Rg8+ Kh7) 39. Rg8+ $11 Kh7 40. Rf8 Kg7 41. Rf7+ {[%mdl 64] [#] Double Attack} Kg6 {aiming for ...b5.} 42. Rxb7 Ne5 43. Ne4 Re2 44. Nc3 $1 {[%cal Rc3e2]} Rc2 45. Ne4 Ng4 46. Rb6 Kf5 47. Nd6+ Kg6 48. Ne4 Kf5 49. Nd6+ Ke5 50. Kf3 Nxf2 51. Nf7+ Kf5 52. Nd6+ Ke5 53. Nf7+ Kd5 $2 {[%mdl 8192]} (53... Kf5 $11) 54. Rd6+ $18 Kc4 55. Rc6+ Kb3 56. Rxc2 Kxc2 57. Kxf2 {KN-K3P} Kb3 58. Ke3 $2 ({White should play} 58. Nd6 $18 {Threatens to win with b5.} Kxb4 59. Ke2) 58... Kxb4 $14 59. Kd3 {Black must now prevent Nd6.} Kc5 {The position is equal.} 60. Nh6 Kd5 61. Nf5 Ke5 62. g4 Kf4 63. Nh6 a5 64. Kc4 a4 65. Kb4 f5 66. gxf5 {White wants to mate with f6.} Ke5 67. Kxa4 g4 68. Nxg4+ Kxf5 {Accuracy: White = 50%, Black = 59%.} 1/2-1/2

[Event "IMSA Blitz Men 2019"]
[Site "Hengshui"]
[Date "2019.05.18"]
[Round "7.2"]
[White "Leko, Peter"]
[Black "Wang, Hao"]
[Result "1/2-1/2"]
[WhiteElo "2674"]
[BlackElo "2735"]
[Annotator "TA"]
[PlyCount "91"]
[EventDate "2019.05.17"]
[EventType "blitz"]
[EventCountry "CHN"]
[SourceTitle "playchess.com"]
[Source "ChessBase"]
[SourceQuality "1"]

{[%evp 12,91,12,8,15,14,19,6,37,10,6,0,28,0,22,23,19,18,32,0,0,0,0,0,12,0,8,-6,7,7,14,11,12,3,37,-25,0,-33,0,0,0,0,0,0,0,-5,-5,-19,0,-12,-15,-18,-14,-29,0,0,0,0,0,0,0,0,0,0,0,0,0,0,0,0,0,0,0,0,0,0,0,0,0,0,0,0]} 1. e4 e5 2. Nf3 Nc6 3. Bc4 Nf6 4. d3 Bc5 5. O-O d6 6. c3 O-O 7. Re1 a6 {C54: Giuoco Piano: 4 c3 Nf6, main lines with 5 d4 and 5 d3} 8. a4 Ba7 9. h3 Kh8 (9... h6 {looks sharper.} 10. b4 Nh5 11. Ra2 Qf6 12. Bb3 Nf4) 10. Be3 $146 (10. Na3 {seems wilder.} Kg8 11. b4 h6 12. Nc2 Ne7 13. d4) ({Predecessor:} 10. b4 Ng8 11. Bg5 Qe8 12. Nbd2 f5 13. exf5 Bxf5 14. Be3 Bxe3 {½-½ (14) Karjakin,S (2753)-Sargissian,G (2689) St Petersburg 2018}) 10... Bxe3 11. Rxe3 a5 12. Re1 Be6 13. Nbd2 h6 14. Qb3 Qd7 15. Nf1 ({Avoid the trap} 15. Qxb7 $2 Rfb8 $19) 15... Bxc4 16. Qxc4 Rfe8 17. Ne3 Kg8 18. Rad1 b6 19. Nh2 Ne7 20. Nhg4 Nxg4 21. hxg4 Qc6 22. Qb3 Rad8 23. c4 ({Better is} 23. d4 $14) 23... Qd7 24. Nf5 Qe6 25. Qc2 Qg6 26. Qe2 Nxf5 27. gxf5 Qf6 28. b3 g6 29. Qg4 Kh7 30. fxg6+ fxg6 31. Re3 Rf8 32. Rf3 Qe7 (32... Qg7 {with more complications.} 33. Kf1 h5 34. Qh3 Rf6 35. Ke2 Rdf8) 33. d4 {The position is equal.} Rxf3 34. Qxf3 $11 {[%mdl 4096] Endgame KQR-KQR} Rf8 35. Qe3 h5 36. dxe5 Qxe5 37. f3 Qc5 38. Kf2 Re8 39. Rd5 Qxe3+ 40. Kxe3 {KR-KR} Kg7 41. f4 Kf6 42. Kf3 Re7 43. Rd1 Re8 44. Rd5 Re7 45. Rd1 Re8 46. Rd5 {Accuracy: White = 53%, Black = 48%.} 1/2-1/2

[Event "IMSA Blitz Men 2019"]
[Site "Hengshui"]
[Date "2019.05.18"]
[Round "7.2"]
[White "Mamedov, Rauf"]
[Black "Ponomariov, Ruslan"]
[Result "1/2-1/2"]
[WhiteElo "2650"]
[BlackElo "2675"]
[Annotator "TA"]
[PlyCount "34"]
[EventDate "2019.05.17"]
[EventType "blitz"]
[EventCountry "CHN"]
[SourceTitle "playchess.com"]
[Source "ChessBase"]
[SourceQuality "1"]

{[%evp 12,34,15,0,48,0,0,-43,-39,-76,-87,-80,-83,-102,-44,-33,-26,-18,0,-42,0,-10,0,-46,0]} 1. e4 c6 2. Nc3 d5 3. Nf3 Bg4 4. h3 Bxf3 5. Qxf3 e6 6. d3 Nd7 7. Be2 g6 {B11: Caro-Kann: Two Knights Variation} 8. Qg3 Bg7 9. exd5 $146 ({Predecessor:} 9. h4 Qb8 10. Bf4 Be5 11. Bxe5 Qxe5 12. f4 Qd4 13. h5 Ne7 14. O-O-O O-O-O 15. Kb1 {1-0 (46) Mamedov,R (2688)-Wojtaszek,R (2749) Tallinn 2016}) 9... cxd5 10. Bf4 Qb6 11. O-O Rc8 ({Don't play} 11... Qxb2 12. d4 $14) 12. Rab1 Ngf6 (12... Ne7 $17 13. Rfc1 Nf5) 13. Bd6 Bf8 14. Bf4 Bg7 15. Bd6 Bf8 (15... Rc6 $5 {[%cal Rc6d6]} 16. Ba3 Bf8 $11) 16. Bf4 Bg7 17. Bd6 Bf8 (17... Rc6 $5 {[%cal Rc6d6]} 18. Ba3 Bf8 $11) 1/2-1/2